00399ntaaa2200157 45000030003000000050017000030080021000200400037000410820017000781000022000952450031001172500010001482600042001583000011002006500030002110120251027202018.00714s1973 ag 01  aAR-BaBNbspacAR-BaBNeaacrdRIC a261.7000 G76 aGrant, Daniel R.  aThe Christian and politics a1 ed. aNashville : bBroadman Press, cc1968 a127 p. aPolítica y Cristianismo